|
|
|
|
| LEADER |
00839nab a2200205 i 4500 |
| 001 |
acta6359 |
| 005 |
20220921145917.0 |
| 008 |
161015s1968 hu o 0|| fre d |
| 022 |
|
|
|a 0324-6523
|
| 040 |
|
|
|a SZTE Egyetemi Kiadványok Repozitórium
|b hun
|
| 041 |
|
|
|a fre
|
| 100 |
1 |
|
|a Antalffy György
|
| 245 |
1 |
3 |
|a Le concept de la souveraineté dans la théorie générale de l'État et du droit
|h [elektronikus dokumentum] /
|c Antalffy György
|
| 260 |
|
|
|a Szegedi Tudományegyetem Állam- és Jogtudományi Kara
|b Szeged
|c 1968
|
| 300 |
|
|
|a 1-27
|
| 490 |
0 |
|
|a Acta Universitatis Szegediensis : acta juridica et politica
|v 15 No. 8
|
| 650 |
|
4 |
|a Társadalomtudományok
|
| 650 |
|
4 |
|a Jogtudomány
|
| 695 |
|
|
|a Jogelmélet, Szuverenitás - államjog
|
| 856 |
4 |
0 |
|u http://acta.bibl.u-szeged.hu/6359/1/juridpol_015_fasc_008_001-027.pdf
|z Dokumentum-elérés
|